000 00309nam a2200109Ia 4500
008 220204s9999 xx 000 0 und d
082 _a382.6(058)(540)
_bIND
245 0 _aIndian export directory. 1965-66, 1968
250 _aEd.4&17
260 _aCalcutta
_bDept of commercial and Statistics
_c1968
942 _cBK
999 _c21337
_d21337